Física
| Main Authors: | , |
|---|---|
| Format: | Section = Libro |
| Language: | Undetermined Spanish |
| Published: |
México
Limusa
1998
|
| Subjects: |
| LEADER | 00554nam a2200229Ia 4500 | ||
|---|---|---|---|
| 008 | 241007s9999||||xx |||||||||||||| ||und|| | ||
| 020 | |a 968-18-5185-4 | ||
| 040 | |a BIBLIOTECA-RURC/ 530 C989 | ||
| 041 | |a spa | ||
| 082 | |a 530 C989 | ||
| 100 | 1 | |a Cutnell, John D | |
| 100 | 1 | |b Johnson, Kenneth W | |
| 245 | 1 | 0 | |a Física |
| 260 | |a México |b Limusa |c 1998 | ||
| 300 | |a 943 p. :il. | ||
| 650 | 7 | |a FISÍCA | |
| 650 | 7 | |b CINEMATICA | |
| 650 | 7 | |c DINAMICA DE FLUIDOS | |
| 650 | 7 | |d TRANSFERENCIA DE CALOR. | |
| 942 | |c BK |2 ddc | ||
| 991 | |a TEXTO | ||
| 999 | |c 14410 | ||